| 000 | 00725cab a22002055a 4500 | ||
|---|---|---|---|
| 001 | L153430 | ||
| 008 | 110726s2011 xxka f 000 0 eng d | ||
| 035 | _a(Sirsi) u153430 | ||
| 041 | 0 | _aeng | |
| 100 | 1 | _aRawlinson, Simon | |
| 245 | 0 | 0 |
_aIs the government's blueprint up to the task? _bdelivering 20% cost savings needs a radical plan |
| 260 | _c2011 | ||
| 490 |
_aCivil Engineering Surveyor _vJuly 2011, 22-23(2) |
||
| 520 | _aConsiders the UK government's strategy to improve the performance of the public sector client and to improve public sector procurement. | ||
| 590 | _aKA | ||
| 651 | 4 |
_aUnited Kingdom _y |
|
| 690 |
_aProcurement _96260 |
||
| 690 | _aBUILT ENVIRONMENT-CONSTRUCTION MANAGEMENT | ||
| 942 | _n0 | ||
| 999 |
_c83286 _d83286 |
||